Normal view
MARC view
- Schwarz-Bart, André
Entry Personal Name
001 - CONTROL NUMBER
- control field: 107648
003 - CONTROL NUMBER IDENTIFIER
- control field: NUST
005 - DATE AND TIME OF LATEST TRANSACTION
- control field: 20230125135315.0
008 - FIXED-LENGTH DATA ELEMENTS
- fixed length control field: 230125|| aca||aabn | a|a d
040 ## - CATALOGING SOURCE
- Original cataloging agency: NUST
- Transcribing agency: NUST
100 ## - HEADING--PERSONAL NAME
- Personal name: Schwarz-Bart, André
670 ## - SOURCE DATA FOUND
- Source citation: Work cat.: (NUST)191005: Schwarz-Bart, André,, The last of the just /, 1961
